000 00363pab a2200145 454500
008 180718b1996 xxu||||| |||| 00| 0 eng d
100 _aHarikumar, S.K.
245 _aHIV/AIDS control in Kerala: some reflections
260 _c1996
300 _ap.18-19
362 _aNov-Dec
650 _aHealth services
773 _aHealth for the Millions
909 _a32935
999 _c32935
_d32935